Welcome to CU Library Online Public Access Catalogue (OPAC)

P.L. Malik's handbook of labour and industrial law / (Record no. 2640)

MARC details
000 -LEADER
fixed length control field 01282cam a2200397 i 4500
001 - CONTROL NUMBER
control field 18039991
003 - CONTROL NUMBER IDENTIFIER
control field OSt
005 - DATE AND TIME OF LATEST TRANSACTION
control field 20250117193700.0
008 - FIXED-LENGTH DATA ELEMENTS--GENERAL INFORMATION
fixed length control field 130719s2013 ii lf 001 0 eng
010 ## - LIBRARY OF CONGRESS CONTROL NUMBER
LC control number 2013410639
020 ## - INTERNATIONAL STANDARD BOOK NUMBER
International Standard Book Number 9789350287095
020 ## - INTERNATIONAL STANDARD BOOK NUMBER
International Standard Book Number 9350287099
025 ## - OVERSEAS ACQUISITION NUMBER
Overseas acquisition number I-E-2013-410639; 75-13
035 ## - SYSTEM CONTROL NUMBER
System control number (IN-NdUBS) 2013410639
037 ## - SOURCE OF ACQUISITION
Source of stock number/acquisition Library of Congress -- New Delhi Overseas Office
040 ## - CATALOGING SOURCE
Original cataloging agency DLC
Language of cataloging eng
Transcribing agency DLC
Modifying agency DLC
Description conventions rda
042 ## - AUTHENTICATION CODE
Authentication code lcode
-- pcc
043 ## - GEOGRAPHIC AREA CODE
Geographic area code a-ii---
050 00 - LIBRARY OF CONGRESS CALL NUMBER
Classification number KNS1214
Item number 2013
110 1# - MAIN ENTRY--CORPORATE NAME
Corporate name or jurisdiction name as entry element India,
Relator term enacting jurisdiction.
245 10 - TITLE STATEMENT
Title P.L. Malik's handbook of labour and industrial law /
Statement of responsibility, etc. Sumeet Malik ; revised by editorial staff of Supreme Court cases.
250 ## - EDITION STATEMENT
Edition statement Fourteenth edition.
264 #1 - PRODUCTION, PUBLICATION, DISTRIBUTION, MANUFACTURE, AND COPYRIGHT NOTICE
Place of production, publication, distribution, manufacture Lucknow :
Name of producer, publisher, distributor, manufacturer Eastern Book Company,
Date of production, publication, distribution, manufacture, or copyright notice 2013.
300 ## - PHYSICAL DESCRIPTION
Extent viii, 1296 pages ;
Dimensions 24 cm
336 ## - CONTENT TYPE
Content type term text
Source rdacontent
337 ## - MEDIA TYPE
Media type term unmediated
Source rdamedia
338 ## - CARRIER TYPE
Carrier type term volume
Source rdacarrier
500 ## - GENERAL NOTE
General note Includes index.
650 #0 - SUBJECT ADDED ENTRY--TOPICAL TERM
Topical term or geographic name entry element Labor laws and legislation
Geographic subdivision India.
650 #0 - SUBJECT ADDED ENTRY--TOPICAL TERM
Topical term or geographic name entry element Industrial laws and legislation
Geographic subdivision India.
700 1# - ADDED ENTRY--PERSONAL NAME
Personal name Malik, P. L.
700 1# - ADDED ENTRY--PERSONAL NAME
Personal name Malik, Sumeet
906 ## - LOCAL DATA ELEMENT F, LDF (RLIN)
a 7
b cbc
c origode
d 2
e ncip
f 20
g y-gencatlg
942 ## - ADDED ENTRY ELEMENTS (KOHA)
Source of classification or shelving scheme Library of Congress Classification
Koha item type Books
Suppress in OPAC No
Holdings
Withdrawn status Lost status Source of classification or shelving scheme Damaged status Not for loan Collection Home library Current library Shelving location Date acquired Total checkouts Full call number Barcode Date last seen Copy number Uniform resource identifier Price effective from Koha item type
    Library of Congress Classification     Non-fiction Law Library (Christ Temple) Law Library (Christ Temple) General stacks 01/17/2025   KNS1220.L32 MAL llct00000198 01/17/2025 2 KNS1214 MAL 01/17/2025 Books
© 2023-2024 Copyright: Central University Libraries. All Rights Reserved | Created by: Mahone Tech Office